<?xml version="1.0" encoding="UTF-8"?>
<record
    xmlns:xsi="http://www.w3.org/2001/XMLSchema-instance"
    xsi:schemaLocation="http://www.loc.gov/MARC21/slim http://www.loc.gov/standards/marcxml/schema/MARC21slim.xsd"
    xmlns="http://www.loc.gov/MARC21/slim">

  <leader>00848nam a22002415i 4500</leader>
  <datafield tag="999" ind1=" " ind2=" ">
    <subfield code="c">7891</subfield>
    <subfield code="d">7891</subfield>
  </datafield>
  <controlfield tag="001">23675156</controlfield>
  <controlfield tag="003">OSt</controlfield>
  <controlfield tag="005">20240515110729.0</controlfield>
  <controlfield tag="008">240314s2024    sp            000 0 spa  </controlfield>
  <datafield tag="020" ind1=" " ind2=" ">
    <subfield code="a">9788412628586</subfield>
  </datafield>
  <datafield tag="035" ind1=" " ind2=" ">
    <subfield code="a">(SP-BaPL)pu240754913</subfield>
  </datafield>
  <datafield tag="040" ind1=" " ind2=" ">
    <subfield code="a">DLC</subfield>
    <subfield code="b">eng</subfield>
    <subfield code="e">rda</subfield>
    <subfield code="c">CDMR</subfield>
  </datafield>
  <datafield tag="042" ind1=" " ind2=" ">
    <subfield code="a">pcc</subfield>
  </datafield>
  <datafield tag="100" ind1="1" ind2=" ">
    <subfield code="a">Moix, Ana Mar&#xED;a,</subfield>
    <subfield code="d">1947-2014.</subfield>
  </datafield>
  <datafield tag="245" ind1="1" ind2="0">
    <subfield code="a">Conversaciones en el tiempo :</subfield>
    <subfield code="b">veintinueve entrevistas /</subfield>
    <subfield code="c">Ana Maria Moix ; [retratos, Colita].</subfield>
  </datafield>
  <datafield tag="264" ind1=" " ind2="1">
    <subfield code="a">[Madrid] :</subfield>
    <subfield code="b">Amarillo Editora,</subfield>
    <subfield code="c">2024.</subfield>
  </datafield>
  <datafield tag="300" ind1=" " ind2=" ">
    <subfield code="a">320 p&#xE0;gines, [4] p&#xE0;gines de l&#xE0;mines :</subfield>
    <subfield code="b">il&#xB7;lustracions ;</subfield>
    <subfield code="c">21 cm</subfield>
  </datafield>
  <datafield tag="505" ind1=" " ind2=" ">
    <subfield code="a">Cont&#xE9; 29 entrevistes publicades al diari Tele/eXpr&#xE9;s a principis de la d&#xE8;cada de 1970.</subfield>
  </datafield>
  <datafield tag="700" ind1="0" ind2=" ">
    <subfield code="a">Colita</subfield>
    <subfield code="9">3026</subfield>
    <subfield code="d">1940-2023</subfield>
  </datafield>
  <datafield tag="906" ind1=" " ind2=" ">
    <subfield code="a">0</subfield>
    <subfield code="b">ibc</subfield>
    <subfield code="c">origres</subfield>
    <subfield code="d">u</subfield>
    <subfield code="e">ncip</subfield>
    <subfield code="f">20</subfield>
    <subfield code="g">y-gencatlg</subfield>
  </datafield>
  <datafield tag="942" ind1=" " ind2=" ">
    <subfield code="2">udc</subfield>
    <subfield code="c">MON</subfield>
  </datafield>
  <datafield tag="952" ind1=" " ind2=" ">
    <subfield code="0">0</subfield>
    <subfield code="1">0</subfield>
    <subfield code="4">0</subfield>
    <subfield code="7">0</subfield>
    <subfield code="a">CDMR</subfield>
    <subfield code="b">CDMR</subfield>
    <subfield code="d">2024-05-15</subfield>
    <subfield code="e">Donaci&#xF3;</subfield>
    <subfield code="g">20.90</subfield>
    <subfield code="l">1</subfield>
    <subfield code="o">Du 6/131</subfield>
    <subfield code="p">CDMR24050006</subfield>
    <subfield code="r">2024-10-03</subfield>
    <subfield code="s">2024-10-01</subfield>
    <subfield code="w">2024-05-15</subfield>
    <subfield code="y">MON</subfield>
  </datafield>
</record>
